000 00686nam a2200229 a 4500
001 77905
003 BD-RjUL
005 20211209083048.0
008 210208s1956 ii ||||| |||| 00| 0 eng d
035 _a(BD-RjUL)78131
040 _aBD-RjUL
_beng
_cBD-RjUL
041 _aeng
082 _223
_a891.2
_bKAK 1956
100 _aKalidasa
_9244599
245 _aKalidasa's Raghuvamsam, canto vi /
_cby Ashokanath Sahstri & Maheshwar Das Sharma
260 _aCalcutta :
_bModern Book Agency,
_c1956
300 _a326, xxviii p. ;
_c18 cm.
650 _aSanskrit literature
_9244600
700 _aSahstri, Ashokanath
_9244601
700 _aSharma, Maheshwar Das
_9244604
942 _2ddc
_cBK
999 _c77905
_d77905